Histoire de la caricature et du grotesque dans la littérature et dans l'art / (Record no. 98483)

MARC details
000 -LEADER
campo de control de longitud fija 01012nam a2200253 i 4500
001 - NÚMERO DE CONTROL
campo de control 98483
003 - IDENTIFICADOR DE NÚMERO DE CONTROL
campo de control ES-MaACL
005 - FECHA Y HORA DE LA ÚLTIMA TRANSACCIÓN
campo de control 20250722094002.0
007 - CAMPO FIJO DE DESCRIPCIÓN FÍSICA--INFORMACIÓN GENERAL
campo de control de longitud fija t|
008 - DATOS DE LONGITUD FIJA--INFORMACIÓN GENERAL
campo de control de longitud fija 050919s1867 fr a |||| | fre d
080 ## - NÚMERO DE LA CLASIFICACIÓN DECIMAL UNIVERSAL
Número de la Clasificación Decimal Universal 741.5(091)
100 1# - ENTRADA PRINCIPAL--NOMBRE DE PERSONA
Nombre de persona Wright, Thomas.
9 (RLIN) 117423
245 10 - MENCIÓN DEL TÍTULO
Título Histoire de la caricature et du grotesque dans la littérature et dans l'art /
Mención de responsabilidad, etc. par Thomas Wright ; traduite avec l'approbation de l'auteur par Octave Sachot ; éditée par Amédée Pichot, précedée d'une notice de l'éditeur et illustrée de... gravures... dessinées... par F. W. Fairholt.
260 ## - PUBLICACIÓN, DISTRIBUCIÓN, ETC.
Lugar de publicación, distribución, etc. Paris :
Nombre del editor, distribuidor, etc. Bureau de la Revue Britannique,
Fecha de publicación, distribución, etc. 1867.
300 ## - DESCRIPCIÓN FÍSICA
Extensión XXXV, 457 p. :
Otras características físicas il. ;
Dimensiones 24 cm.
650 #4 - PUNTO DE ACCESO ADICIONAL DE MATERIA--TÉRMINO DE MATERIA
Término de materia o nombre geográfico como elemento de entrada Caricatura.
9 (RLIN) 10777
650 #4 - PUNTO DE ACCESO ADICIONAL DE MATERIA--TÉRMINO DE MATERIA
Término de materia o nombre geográfico como elemento de entrada Grotesco-
Subdivisión general En el arte.
9 (RLIN) 169379
650 04 - PUNTO DE ACCESO ADICIONAL DE MATERIA--TÉRMINO DE MATERIA
Término de materia o nombre geográfico como elemento de entrada Grotesco-
Subdivisión general En la literatura.
9 (RLIN) 13164
700 1# - ENTRADA AGREGADA--NOMBRE PERSONAL
Nombre de persona Sachot, Octave.
9 (RLIN) 101246
700 1# - ENTRADA AGREGADA--NOMBRE PERSONAL
Nombre de persona Pichot, Amédée,
Fechas asociadas al nombre 1795-1877
9 (RLIN) 91840
700 1# - ENTRADA AGREGADA--NOMBRE PERSONAL
Nombre de persona Fairholt, F. W.
9 (RLIN) 48660
852 ## - LOCALIZACIÓN
Ubicación ES-MaACL
Número de control de estantería R-3406
Holdings
Estatus retirado Estado de pérdida Estado de daño No para préstamo Colección Biblioteca de origen Biblioteca actual Ubicación en estantería Fecha de adquisición Fuente de adquisición Total de préstamos Signatura topográfica completa Código de barras Visto por última vez Precio de reemplazo Tipo de ítem Koha
        Libros del s. XIX Biblioteca del Ateneo de Madrid Biblioteca del Ateneo de Madrid Depósito 17/01/2008     R-3406 1102810 23/02/2023 23/02/2023 Libro impreso antiguo